General Knowledge - Statistics

General Stats
  • This quiz has been taken 10 times
  • The average score is 9 of 15
Answer Stats
Hint Answer % Correct
How many phases in a full moon cycle? 8
90%
As adding is to subtracting, what is division to? multiplication
90%
How many letters are in this sentence? 31
80%
True or False? Colonoscopy is the study of using colons in certain algebraic equations in attempts to solve string theory. False
80%
True or False? This is a not a word: Hippopotomonstrosesquippedaliophobia False
80%
The best website in the whole world. JetPunk
80%
The powerhouse of the cell. mitochondria
70%
True or False? Pandas are species of bear. True
70%
Search engine that is a compass. Safari
50%
How much time did you start with in this quiz? 7:30
40%
5 letters most websites start with. https
40%
The formation of a word from a sound associated with what is named, e.g. Boom, BAM, POW onomatopoeia
40%
The answer to number 1 minus number 4's answer if it had no colon. -722
20%
Pythagorean Theorem. a squared + b squared = c squared
10%
In the great odyssey of our daily lives, we often find ourselves navigating an intricate web of choices that shape our existence, sometimes with profound implications and other times with a whimsical touch that affects only the smallest strands of our day. Take, for example, the seemingly mundane yet deeply significant act of getting dressed in the morning. It begins the moment we step into our rooms, circled by walls that have borne witness to countless mornings filled with the quiet ritual of selecting our attire. Just press l lol. As we approach our closets, we are greeted by an array of garments that span the spectrum of fabric, color, and style, each piece imbued with its own history and potential. We pause to reflect: this shirt reminds us of that sunny picnic with friends, the dress evokes memories of a magical evening out, and those pants—we might recall every adventure we embarked on while wearing them. Each garment is not merely an article of clothing, but rather an emblem of our choices, preferences, and personality. There’s a kind of art to this selection process, a blending of aesthetics and comfort, function and flair. Just press l lol. As the sunlight pours through the window, casting playful shadows on the floor, we consider the day ahead, weighing the importance of feeling comfortable against the desire to make a statement. Each option stirs contemplation about the statements we want to project—are we aspiring for casual sophistication, or are we leaning into laid-back comfort? Just press l lol. The decision may seem trivial, yet in reality, it reverberates through our interactions and experiences. Do we want to evoke a sense of laid-back leisure, or do we prefer to establish a professional presence? This stewing over attire can weave its way into our mindset for the day, setting us on a path of either exuberant confidence or contemplative ease. Moreover, as we sift through our wardrobe, we can't help but notice the trends and styles that influence us, the way they ebb and flow much like the seasons themselves. We ponder how a particular pair of shoes—a beloved set of sneakers that have weathered the trials of time—instills a sense of nostalgia that rushes upon us like a wave, reminding us of laughter-filled weekends or spontaneous road trips. Just press l lol. In contrast, the sandals, with their open designs, promise the freedom of summer, the gentle embrace of warm breezes, and the grounding connection to the earth through every step. l
10%
No matching quizzes found
Score Distribution
Percent of People with Each Score
Percentile by Number Answered
Your Score History
You have not taken this quiz